GCSE Dance - Structuring Forms and Devices - Statistics

General Stats
  • This quiz has been taken 5 times
  • The average score is 5 of 11
Answer Stats
Hint Answer % Correct
The most interesting part of the dance/story Climax
80%
Two contrasting sections (A, B) Binary
60%
Moments that you want to emphasise to the audience Highlights
60%
Gradual unfolding of a story or an idea Narrative
60%
A B A C A D etc. Verse and chorus framework. Rondo
60%
A, B, A. Third section is a repeat in some kind of section A. Ternary
60%
How you connect each section Transitions
60%
A sequence of events that happen in order Chronological
40%
The well thought out order of your sections, to make sure the audience understands the intent Logical sequencing
0%
An introduction to set the scene Prologue
0%
Themes/ideas finding some kind of solution/ending Resolution
0%
No matching quizzes found
Score Distribution
Percent of People with Each Score
Percentile by Number Answered
Your Score History
You have not taken this quiz